Catálogo

La mecánica del corazón / (Registro nro. 56843)

Detalles MARC
000 -LEADER
fixed length control field 01191cam a2200349 i 4500
001 - CONTROL NUMBER
control field 56843
003 - CONTROL NUMBER IDENTIFIER
control field Mx-PuUPA
005 - DATE AND TIME OF LATEST TRANSACTION
control field 20260306110851.0
008 - FIXED-LENGTH DATA ELEMENTS--GENERAL INFORMATION
fixed length control field 140415s2010 mx gr 000 0 spa d
020 ## - INTERNATIONAL STANDARD BOOK NUMBER
International Standard Book Number 9786074298253
040 ## - CATALOGING SOURCE
Original cataloging agency Mx-PuUPA
Language of cataloging spa
Transcribing agency Mx-PuUPA
Modifying agency Mx-PuUPA
Description conventions rda
041 1# - LANGUAGE CODE
Language code of text/sound track or separate title spa
Language code of original fre
100 1# - MAIN ENTRY--PERSONAL NAME
Personal name Malzieu, Mathias,
Dates associated with a name 1974-
9 (RLIN) 2792
Relator term autor
240 13 - UNIFORM TITLE
Uniform title La mécanique du coeur.
Language of a work Español
245 13 - TITLE STATEMENT
Title La mecánica del corazón /
Statement of responsibility, etc. Mathias Malzieu ; traducción de Vicenç Tuset
250 ## - EDITION STATEMENT
Edition statement Primera edición en México
264 #1 - PRODUCTION, PUBLICATION, DISTRIBUTION, MANUFACTURE, AND COPYRIGHT NOTICE
Place of production, publication, distribution, manufacture México, D.F. :
Name of producer, publisher, distributor, manufacturer Reservoir Books,
Date of production, publication, distribution, manufacture, or copyright notice 2010
300 ## - PHYSICAL DESCRIPTION
Extent 173 páginas ;
Dimensions 22 cm
336 ## - CONTENT TYPE
Fuente rdacontent
Content type term texto
Content type code txt
337 ## - MEDIA TYPE
Source rdamedia
Media type term sin medio
Media type code n
338 ## - CARRIER TYPE
Source rdacarrier
Carrier type term volumen
Carrier type code nc
500 ## - GENERAL NOTE
General note Reimpresiones: (décima, febrero, 2011).
650 #7 - SUBJECT ADDED ENTRY--TOPICAL TERM
Source of heading or term armarc
Topical term or geographic name entry element Corazón artificial
Form subdivision Novela
650 #7 - SUBJECT ADDED ENTRY--TOPICAL TERM
Source of heading or term armarc
Topical term or geographic name entry element Novela romántica
650 #7 - SUBJECT ADDED ENTRY--TOPICAL TERM
Source of heading or term armarc
Topical term or geographic name entry element Realismo mágico (Literatura)
655 #4 - INDEX TERM--GENRE/FORM
Genre/form data or focus term Novela romántica
700 1# - ADDED ENTRY--PERSONAL NAME
Personal name Tuset, Vincenç
Relator term traductor
765 0# - ORIGINAL LANGUAGE ENTRY
Main entry heading Malzieu, Mathias
Title La mécanique du coeur
942 ## - ADDED ENTRY ELEMENTS (KOHA)
Source of classification or shelving scheme Dewey Decimal Classification
Koha item type Libro
Classification part 843
Item part M2318
Existencias
Withdrawn status Lost status Source of classification or shelving scheme Damaged status Not for loan Collection code Home library Current library Shelving location Date acquired Total Checkouts Full call number Barcode Date last seen Date last checked out Price effective from Koha item type
    Dewey Decimal Classification     General Tehuacán Tehuacán Sala general 05/03/2026 1 843 M2318 2010 968000003168 20/05/2026 04/05/2026 05/03/2026 Libro